000 00454nam a2200157Ia 4500
008 250916s9999 xx 000 0 und d
020 _a978-1-394-18469-9
082 _a381 CHA
100 _aChaubard, Francois
245 0 _aAI for retail:
_ba practical guide to modernize your retail business with AI and automation
250 _a1st
260 _aNew York:
_bJohn Wiley & Sons,
_c2023
300 _a324 p.
600 _aSocial Sciences
942 _cBK
999 _c31595
_d31595